002580000a2200085000450024500780000004100130007870000200009110000210011177300400013210aHongos de Colombia - IV. Bisporella triseptata and its allies in Colombia0 aInglés1 aDumont, Kent P.1 aCarpenter, S. E.1 tCaldasia345h58q339-348d1978g12